000
00311nam a22001337a 4500
008
170524b xxu||||| |||| 00| 0 eng d
020
_a
0070221588
041
_a
eng
080
_2
12TH
_a
62
100
_a
26
101
_a
IM
245
_a
ENGINEERING DRAWING &GRAPHIC TECHNOLOGY
_c
FRENCH,TH.E
942
_2
udc
_c
BK
999
_c
14032
_d
14032